| 000 | 00995nam a2200301 4500 | ||
|---|---|---|---|
| 003 | EG-GICUC | ||
| 005 | 20260505103151.0 | ||
| 008 | 260505t19241925en|||||fr|||| 00| 0 eng d | ||
| 040 |
_aEG-GiCUC _beng _cEG-GiCUC _dEG-GiCUC _erda |
||
| 043 | _af-ua--- | ||
| 082 | 0 | 4 |
_221 _a343.062 |
| 092 | 0 | 4 | _221 |
| 099 | _aLaw1 10 343.62 | ||
| 100 | 1 |
_aGoadby, Frederic M. _q(Frederic Maurice) |
|
| 245 | 0 | 0 |
_aCommentary on Egyptian criminal law and the related criminal law of Palestine, Cyprus, and Iraq / _cFrederic M. Goadby. |
| 264 |
_aCairo, _bGovernment press, _c1924-1925. |
||
| 300 |
_aPart 1 1073Pages: _c24 cm |
||
| 336 |
_2rda content _atext |
||
| 337 |
_2rda media _aComputer |
||
| 338 |
_2rda carrier _aOnline Resource |
||
| 504 | _aBibliography: pages 200-250. | ||
| 650 | 1 | 4 |
_2qrmak _aCriminal Science |
| 650 | 1 | 4 | _2Criminal Law - The general part |
| 651 | 1 | _2qrmak | |
| 856 | 4 | 0 | _uhttps://fll.law.cu.edu.eg/fulltext/bks/B10-09938.pdf |
| 905 | _a17 | ||
| 942 |
_2ddc _n0 _cBK _e21 |
||
| 999 |
_c75617 _d75617 |
||